000 00452nam a2200193Ia 4500
008 101110s9999 xx 000 0 und d
041 _aENGLISH
082 _bSR11773
_a336.24
100 _aKishnadwala, Shetty
245 _aIncome Tax (7th ed.)
365 _b15
520 _aCommerce
546 _aENGLISH
630 _aIncome Tax (7th ed.)
650 _aCommerce
655 _aCommerce
730 _aIncome Tax (7th ed.)
942 _cBOOK
999 _c806430
_d806427